Formula One Grand Prix Winners - Statistics

General Stats
  • This quiz has been taken 1,578 times
    70 since last reset
  • The average score is 63 of 116
Answer Stats
Country First Win Driver % Correct
UK 2024 Miami Grand Prix Lando Norris
96%
Netherlands 2016 Spanish Grand Prix Max Verstappen
96%
Monaco 2019 Belgian Grand Prix Charles Leclerc
95%
Australia 2014 Canadian Grand Prix Daniel Ricciardo
95%
UK 2022 São Paulo Grand Prix George Russell
95%
Italy 2026 Chinese Grand Prix Kimi Antonelli
95%
Mexico 2020 Sakhir Grand Prix Sergio Pérez
95%
UK 2007 Canadian Grand Prix Lewis Hamilton
93%
Germany 1992 Belgian Grand Prix Michael Schumacher
93%
Australia 2024 Hungarian Grand Prix Oscar Piastri
93%
Germany 2001 San Marino Grand Prix Ralf Schumacher
93%
Germany 2008 Italian Grand Prix Sebastian Vettel
93%
Spain 2022 British Grand Prix Carlos Sainz Jr.
91%
Brazil 1985 Portuguese Grand Prix Ayrton Senna
89%
France 2021 Hungarian Grand Prix Esteban Ocon
89%
UK 2006 Hungarian Grand Prix Jenson Button
89%
Finland 2003 Malaysian Grand Prix Kimi Räikkönen
89%
Finland 1997 European Grand Prix Mika Häkkinen
89%
Finland 2017 Russian Grand Prix Valtteri Bottas
89%
Germany 1975 Spanish Grand Prix Jochen Mass
87%
Finland 1982 Swiss Grand Prix Keke Rosberg
87%
Australia 2009 German Grand Prix Mark Webber
87%
Germany 2012 Chinese Grand Prix Nico Rosberg
87%
France 2020 Italian Grand Prix Pierre Gasly
87%
Spain 2003 Hungarian Grand Prix Fernando Alonso
85%
UK 1993 Hungarian Grand Prix Damon Hill
84%
UK 1962 Dutch Grand Prix Graham Hill
84%
USA 1960 Italian Grand Prix Phil Hill
84%
Brazil 2006 Turkish Grand Prix Felipe Massa
82%
Poland 2008 Canadian Grand Prix Robert Kubica
82%
Brazil 2000 German Grand Prix Rubens Barrichello
82%
France 1981 French Grand Prix Alain Prost
78%
Venezuela 2012 Spanish Grand Prix Pastor Maldonado
78%
Canada 1978 Canadian Grand Prix Gilles Villeneuve
76%
Canada 1996 European Grand Prix Jacques Villeneuve
76%
Colombia 2001 Italian Grand Prix Juan Pablo Montoya
76%
Austria 1974 Spanish Grand Prix Niki Lauda
76%
UK 1995 Portuguese Grand Prix David Coulthard
75%
Argentina 1950 Monaco Grand Prix Juan Manuel Fangio
73%
Brazil 1980 United States Grand Prix West Nelson Piquet
73%
UK 1975 Dutch Grand Prix James Hunt
71%
Finland 2008 Hungarian Grand Prix Heikki Kovalainen
69%
Italy 2004 Monaco Grand Prix Jarno Trulli
69%
UK 1985 European Grand Prix Nigel Mansell
69%
Brazil 1970 United States Grand Prix Emerson Fittipaldi
67%
Austria 1986 Mexican Grand Prix Gerhard Berger
64%
Italy 2003 Brazilian Grand Prix Giancarlo Fisichella
64%
Italy 1950 British Grand Prix Giuseppe Farina
64%
Belgium 1968 French Grand Prix Jacky Ickx
64%
USA 1971 South African Grand Prix Mario Andretti
64%
Italy 1951 German Grand Prix Alberto Ascari
62%
UK 1999 Australian Grand Prix Eddie Irvine
60%
Australia 1959 Monaco Grand Prix Jack Brabham
60%
South Africa 1974 Swedish Grand Prix Jody Scheckter
60%
UK 1963 German Grand Prix John Surtees
60%
Germany 1997 San Marino Grand Prix Heinz-Harald Frentzen
56%
France 1995 Canadian Grand Prix Jean Alesi
56%
Australia 1977 Austrian Grand Prix Alan Jones
55%
New Zealand 1967 Monaco Grand Prix Denny Hulme
55%
New Zealand 1959 United States Grand Prix Bruce McLaren
53%
Switzerland 1970 Italian Grand Prix Clay Regazzoni
53%
UK 1962 Belgian Grand Prix Jim Clark
53%
Austria 1969 United States Grand Prix Jochen Rindt
53%
Italy 1982 Monaco Grand Prix Riccardo Patrese
51%
UK 1955 British Grand Prix Stirling Moss
51%
Argentina 1974 South African Grand Prix Carlos Reutemann
49%
UK 1953 French Grand Prix Mike Hawthorn
49%
Sweden 1973 French Grand Prix Ronnie Peterson
47%
UK 1965 Italian Grand Prix Jackie Stewart
44%
France 1996 Monaco Grand Prix Olivier Panis
44%
France 1980 Brazilian Grand Prix René Arnoux
44%
Italy 1982 Austrian Grand Prix Elio de Angelis
42%
France 1980 Belgian Grand Prix Didier Pironi
38%
UK 1995 British Grand Prix Johnny Herbert
38%
Italy 1982 Caesars Palace Grand Prix Michele Alboreto
38%
France 1977 Swedish Grand Prix Jacques Laffite
36%
Germany 1961 Dutch Grand Prix Wolfgang von Trips
35%
Argentina 1951 British Grand Prix José Froilán González
33%
Mexico 1967 South African Grand Prix Pedro Rodríguez
33%
Italy 1989 Japanese Grand Prix Alessandro Nannini
31%
UK 1976 Austrian Grand Prix John Watson
31%
Brazil 1975 Brazilian Grand Prix José Carlos Pace
31%
Belgium 1989 Canadian Grand Prix Thierry Boutsen
31%
UK 1957 British Grand Prix Tony Brooks
31%
France 1982 German Grand Prix Patrick Tambay
29%
USA 1962 French Grand Prix Dan Gurney
27%
France 1971 United States Grand Prix François Cevert
27%
Italy 1951 French Grand Prix Luigi Fagioli
27%
France 1978 Monaco Grand Prix Patrick Depailler
27%
UK 1956 Belgian Grand Prix Peter Collins
27%
UK 1961 United States Grand Prix Innes Ireland
25%
France 1979 French Grand Prix Jean-Pierre Jabouille
24%
Sweden 1959 Dutch Grand Prix Joakim Bonnier
24%
Italy 1961 French Grand Prix Giancarlo Baghetti
22%
Italy 1964 Austrian Grand Prix Lorenzo Bandini
22%
Italy 1956 Argentine Grand Prix Luigi Musso
22%
France 1955 Monaco Grand Prix Maurice Trintignant
22%
UK 1971 Italian Grand Prix Peter Gethin
22%
Italy 1975 Austrian Grand Prix Vittorio Brambilla
22%
Sweden 1977 Belgian Grand Prix Gunnar Nilsson
20%
France 1972 Monaco Grand Prix Jean-Pierre Beltoise
20%
Switzerland 1968 British Grand Prix Jo Siffert
20%
USA 1973 British Grand Prix Peter Revson
20%
Italy 1952 Swiss Grand Prix Piero Taruffi
20%
USA 1965 Mexican Grand Prix Richie Ginther
20%
Italy 1966 Italian Grand Prix Ludovico Scarfiotti
18%
USA 1953 Indianapolis 500 Bill Vukovich
16%
USA 1950 Indianapolis 500 Johnnie Parsons
15%
USA 1959 Indianapolis 500 Rodger Ward
15%
USA 1960 Indianapolis 500 Jim Rathmann
13%
USA 1951 Indianapolis 500 Lee Wallard
13%
USA 1952 Indianapolis 500 Troy Ruttman
13%
USA 1957 Indianapolis 500 Sam Hanks
11%
USA 1955 Indianapolis 500 Bob Sweikert
9%
USA 1956 Indianapolis 500 Pat Flaherty
9%
USA 1958 Indianapolis 500 Jimmy Bryan
7%
No matching quizzes found
Score Distribution
Percent of People with Each Score
Percentile by Number Answered
Your Score History
You have not taken this quiz since the last reset